000 01269 a2200193 4500
020 _a0201702770
040 _aDLC
100 1 _aKassem, Nicholas.
245 1 0 _aDesigning Enterprise applications with the Java 2 Platform
_cNicholas Kassem and the Enterprise Team.
250 _aEnterprise ed.
260 _aSingapre ;
_aSingapore :
_bAddison-Wesley,
_cc2000.
300 _axxi, 341 p. :
_bill. ;
_c24 cm.
440 4 _aThe Java series.
520 1 _a"Created by the Enterprise Team of the Java Software group at Sun Microsystems, Designing Enterprise Applications with the Java 2 Platform, Enterprise Edition describes the application configurations supported by the J2EE platform and presents practical guidelines for determining the best design for particular needs. It explores web-based clients based on Java servlets and JavaServer Pages, middle-tier solutions using Enterprise JavaBeans technology, and backend connections based on JDBC technology. It also presents security, deployment, transaction management, and other key issues for today's applications."--BK JACKET.
650 0 _aApplication software
_xDevelopment.
650 0 _aJava (Computer program language)
650 0 _aBusiness enterprises
_xData processing.
942 _cBK
_k650.028552762 KAS
_2ddc
999 _c8653
_d8653